Fables de La Fontaine par Emojis - Statistiques

Statistiques générales
  • Ce quiz a été pris 1 835 fois
  • Le résultat moyen est 7 sur 15
Statistiques - réponses
Emojis Réponse % Correct
Le Lièvre et la Tortue
97%
Le Corbeau et le Renard
82%
La Cigale et la Fourmi
79%
Le Loup et l'Agneau
78%
Le Lion et le Rat
76%
La Poule aux œufs d'or
65%
Le Rat de ville et le Rat des champs
46%
Le Loup et le Chien
37%
Le Chêne et le Roseau
27%
Le Singe et le Chat
25%
Le Renard et les Raisins
14%
La Laitière et le Pot au lait
12%
La Mort et le Bûcheron
11%
Les Obsèques de la lionne
4%
Le Berger et le Roi
2%
Aucun quiz correspondant
Distribution des résultats
% des personnes avec chaque résultat
Percentile par nombre de réponses
Votre historique - résultats
Vous n’avez pas pris ce quiz